01083ngm a2200313 4500003000400000005001700004007000500021008004100026010003800067024002400105035002000129035002000149040001300169082001500182245005500197260002900252300006300281440003200344500004900376500014500425500005800570538004900628650001900677700001500696700001800711700001400729700001600743700001000759dpl20081118162626.0DVD ||||||sp199 xxu|||||c ||| 00| 0 ng d  aDVD-001146-1148 & DVD-004411-4416 aSHE DVD 194c169.00 aDVD-001146-1148 aDVD-004411-4416 aDPLcDPL aDVD / BAND aBandinicBimal Roy Presentsh[videorecording] DVD/ bShemaroo Video Pvt. Ltd. a1 videodisc DVD; (137 min.) :bsd., col. ;c4 3/4 in.fDVD aShemaroo Home Entertainment aDigitally Re-Mastered From the Original Film aFilmfare Award Winner, Best Actress: Nutan, Best Director Bimal Roy, Best Sound Recordist: Dinshaw Billimoria, Best Story Writer: Jalasandha aInteractive Menus of Songs and Scenes for Easy Access aDolby Digital 5.1 - Hindi Subtitles: English aMotion Picture aRoy, Bimal aBurman, S. D. aDhrmendra aAshok Kumar aNutan